00816njm a2200253Ia 450000100060000000300090000600500170001500800410003204000130007304000130008610000170009910000180011610000380013424500180017225000110019026000110020126000640021230000100027630000290028650000520031550500780036765000560044570000610050125769IT-RoPAU20220918181130.0131025s9999 xx 000 0 und d aIT-RoPAU cIT-RoPAU aGlass Philip eAutore musica gCodice autore musica SPICS: 11482 aKoyaanisqatsi a1a ed. aLONDON bISLAND RECORDSc1983 [1a Ed.:1983 - Ed. Lingua Orig.: 1983] aDISCO c47 minuti (Testo: pag.) aMusica minimale. Colonna sonora. Musica da film aKoyaanisqatsi - Vessels - Cloudscape - Pruit Igoe - The Grid - Prophecies aCOLONNA SONORA [DISCHI]eCodice MATERIA SPICS: 9950 aGlass PhilipgCodice interprete SPICS: 11482eInterprete